000 00554nam a22002177a 4500
003 UA-OsUOA
001 34672
007 ta
008 20051018b un ||||| |||| 00| 0 ukr d
090 _a94
_bД63
942 _cBK
040 _aUA-OsUOA
_brus
_cUA-OsUOA
_dUA-OsUOA
245 _aДокументы свидетельствуют
300 _a526 с.
955 _a1
041 _arus
080 _a94
260 _aМ.
_bПолитиздат
_c1989
650 7 _a9 Географія. Біографії. Історія
_2UDC
999 _c321099
_d321099